书目信息 |
| 题名: |
中国历史全知道
|
|
| 作者: | 邢群麟 主编 | |
| 分册: | ||
| 出版信息: | 北京 华文出版社 2010.02 |
|
| 页数: | 422页 | |
| 开本: | 29cm | |
| 丛书名: | ||
| 单 册: | ||
| 中图分类: | K209 | |
| 科图分类: | ||
| 主题词: | ||
| 电子资源: | ||
| ISBN: | 978-7-5075-2879-4 | |
| 000 | 00736nam0 22002531 450 | |
| 001 | 012010609403 | |
| 005 | 20100522172847.48 | |
| 009 | 012004445741 | |
| 010 | @a978-7-5075-2879-4@dCNY29.80 | |
| 100 | @a20100515d2010 em y0chiy0110 ea | |
| 101 | 0 | @achi |
| 102 | @aCN@b110000 | |
| 105 | @aa z 000yy | |
| 200 | 1 | @a中国历史全知道@Azhong guo li shi quan zhi dao@f邢群麟主编 |
| 210 | @a北京@c华文出版社@d2010.02 | |
| 215 | @a422页@c图@d29cm | |
| 300 | @a经典藏书 | |
| 330 | @a本书采用“全史”体例,分为通史博览、野史追踪、秘史探究三篇,多视角、全方位解读中国历史。 | |
| 606 | @0 | |
| 607 | @a中国@x历史@j通俗读物 | |
| 690 | @aK209@v4 | |
| 701 | 0 | @a邢群麟@Axing qun lin@4主编 |
| 801 | 0 | @aCN@c20100515 |
| 905 | @dK209@eX611@f3 | |
| 中国历史全知道/邢群麟主编.-北京:华文出版社,2010.02 |
| 422页:图;29cm |
| 经典藏书 |
| ISBN 978-7-5075-2879-4:CNY29.80 |
| 本书采用“全史”体例,分为通史博览、野史追踪、秘史探究三篇,多视角、全方位解读中国历史。 |
| ● |
| 相关链接 |
|
|
|
正题名:中国历史全知道
索取号:K209/X611
 
预约/预借
| 序号 | 登录号 | 条形码 | 馆藏地/架位号 | 状态 | 备注 |